000 00677nam a2200253Ia 4500
003 OSt
005 20221007064307.0
006 a|||||r|||| 00| 0
007 ta
008 221006b |||||||| |||| 00| 0 eng d
020 _cRs. 25/-
024 _a8,022
037 _cTextual
040 _aFLL
_cFLL
_beng
041 _2eng
_aeng
082 _aZ2:33y7, L6
100 _aKumar Kanwar Shiv
_9685594
245 0 _aLaw of partnership with cases and problems
250 _a1st
260 _aDelhi
_bAnupam Publishing House India
_c1976
300 _axxxii,348p
_ccm.
942 _hZ2:33y7, L6
_cTEXL
_2CC
999 _c1133617
_d1133617